| 000 | 00634nam a22002057a 4500 | ||
|---|---|---|---|
| 005 | 20250416142728.0 | ||
| 010 | _aENG-144644 | ||
| 020 |
_a9789385883613 _c1195.00 |
||
| 035 | _aEN-128176 | ||
| 037 | _bDBAD | ||
| 082 |
_a551.46 _21 |
||
| 245 |
_aGood Order At Sea; _bIndian Perspective/ _cAdluri Subramanyam Raju |
||
| 260 |
_aDelhi _bStudera Press _c2018 |
||
| 270 |
_a1586/113, FF, Tri Nagar, _bDelhi _e110035 _minfo@studerapress.com |
||
| 300 |
_a217p. _c24cm.(hb) |
||
| 490 | _vvol 1 | ||
| 500 | _aStories of vedanta monks | ||
| 700 |
_aRaju Subramanyam Adluri _976691 |
||
| 942 |
_2ddc _cEN _h551.46 _mRAJ _e1 |
||
| 999 |
_c210978 _d210978 |
||